| 000 | 00431nam a2200193Ia 4500 | ||
|---|---|---|---|
| 005 | 20240823053541.0 | ||
| 008 | 240823s9999||||xx |||||||||||||| ||und|| | ||
| 020 | _a978-1-25-902983-7 | ||
| 041 | _aENGLISH | ||
| 082 | _A624 Q4 | ||
| 100 | _aDuggal S K | ||
| 245 | 0 | _aSurveying | |
| 250 | _a4th | ||
| 260 |
_c2014 _b"Tata Mcgraw Hill,New " |
||
| 500 | _aYES | ||
| 650 |
_aSurveying _bCivil |
||
| 942 | _cBK | ||
| 999 |
_c224410 _d224410 |
||